00278nam a22000977a 450000500170000000800410001702000150005804000080007324500490008126000500013020200925154345.0200925b ||||| |||| 00| 0 eng d a0435900668 cCML aSeason of Migration to the North.cSalih, T. aLondonbHeinemann Educational Books Ltdc1969